000 00404nam a2200145 i 4500
001 bg
100 1 _aBRONIEWSKA, Kazimiera
245 0 _aWłasności porpcyjne osadu wodorotlenku glinu powstającego przy uzdatnianiu wody /
_cKazimiera Broniewska.
260 _aKraków,
_c1976.
040 _cBPK
041 _apol
080 _a541.1:628.1
942 _cKS
008 s pl f |000 0 pol
999 _c17451
_d17451
856 _uhttp://koha.tu.koszalin.pl/cgi-bin/koha/opac-detail.pl?biblionumber=17451
_yKatalog online BPK